00291 a2200133 4500250001700000245005000017100001800067700001500085700001400100260000900114300001600123035000900139035000900148 a6ème éd. aAbrégé de diététique et de nutrition  aApfelbaum, M. aForrat, C. anillus, P c1982 aXIII-472 P. a3103 a9670